Нормален изглед
MARC изглед
- Кутева, Диана Янакиева
Вход 01. Лично име
001 - Контролен номер на записа
- Контролно поле: 85939
003 - Код на организацията, даваща контролен номер
- Контролно поле: BLK
005 - Дата и час на последна промяна на записа
- Контролно поле: 20240704133836.0
008 - Данни с фиксирана дължина – обща информация
- Данни с фиксирана дължина : 180403n| acnz|abbn | aba d
100 1# - ИМЕ НА ЛИЦЕ -ПЪРВИЧНА ИНТЕЛЕКТУАЛНА ОТГОВОРНОСТ
- Лично име: Кутева, Диана Янакиева
- Дати, свързани с автора: 1955 -
372 ## - Сфера на дейност
- Сфера на дейност: Преводач от английски език
942 ## - Системна служебна употреба
- Koha auth type: PERSO_NAME